Countries with Starbucks - Statistics

General Stats
  • This quiz has been taken 230 times
  • The average score is 51 of 67
Answer Stats
Country % Correct
United States
97%
United Kingdom
96%
Canada
94%
China
94%
Japan
94%
Mexico
92%
Australia
91%
France
91%
Germany
91%
India
91%
Brazil
90%
Russia
89%
Spain
89%
Sweden
89%
Austria
88%
Netherlands
88%
South Korea
87%
Belgium
86%
Greece
86%
Norway
86%
Portugal
86%
South Africa
86%
Argentina
85%
Poland
85%
Switzerland
85%
Finland
84%
New Zealand
84%
Turkey
84%
Indonesia
83%
Denmark
82%
Egypt
82%
Ireland
82%
Chile
81%
United Arab Emirates
81%
Colombia
80%
Thailand
80%
Hungary
79%
Vietnam
77%
Malaysia
76%
Saudi Arabia
75%
Czech Republic
72%
Luxembourg
72%
Oman
70%
Romania
70%
Singapore
70%
Costa Rica
69%
Philippines
69%
Andorra
68%
Qatar
68%
Panama
67%
Bulgaria
65%
Morocco
65%
Dominican Republic
64%
Kuwait
64%
Monaco
64%
Bahamas
62%
Bahrain
61%
Guatemala
61%
Dominica
59%
Jordan
59%
Lebanon
58%
Cyprus
54%
El Salvador
54%
Bolivia
49%
Sri Lanka
49%
Brunei
46%
Cape Verde
24%
No matching quizzes found
Score Distribution
Percent of People with Each Score
Percentile by Number Answered
Your Score History
You have not taken this quiz